| LDR | | 02586cmm u2200625Ii 4500 |
| 001 | | 000000314045 |
| 003 | | OCoLC |
| 005 | | 20230525163734 |
| 006 | | m d |
| 007 | | cr cnu---unuuu |
| 008 | | 170321t20182018mau ob 001 0 eng d |
| 020 | |
▼a 9781284110777
▼q (electronic bk.) |
| 020 | |
▼a 128411077X
▼q (electronic bk.) |
| 020 | |
▼a 9781284110784
▼q (electronic bk.) |
| 020 | |
▼a 1284110788
▼q (electronic bk.) |
| 035 | |
▼a 1487696
▼b (N$T) |
| 035 | |
▼a (OCoLC)978249430 |
| 040 | |
▼a N$T
▼b eng
▼e rda
▼e pn
▼c N$T
▼d OCLCO
▼d N$T
▼d YDX
▼d 248032 |
| 049 | |
▼a MAIN |
| 050 | 4 |
▼a HD57.7 |
| 060 | 14 |
▼a W 84.1 |
| 072 | 7 |
▼a BUS
▼x 082000
▼2 bisacsh |
| 072 | 7 |
▼a BUS
▼x 041000
▼2 bisacsh |
| 072 | 7 |
▼a BUS
▼x 042000
▼2 bisacsh |
| 072 | 7 |
▼a BUS
▼x 085000
▼2 bisacsh |
| 082 | 04 |
▼a 658.4/092
▼2 23 |
| 100 | 1 |
▼a Porter-O'Grady, Timothy,
▼e author. |
| 245 | 10 |
▼a Quantum leadership :
▼b creating sustainable value in health care /
▼c Tim Porter-O'Grady, Kathy Malloch ; case studies prepared by Jaynelle F. Stichler.
▼h [electronic resource] |
| 250 | |
▼a Fifth edition. |
| 260 | 1 |
▼a Burlington, MA :
▼b Jones & Bartlett Learning,
▼c [2018]. |
| 300 | |
▼a 1 online resource. |
| 336 | |
▼a text
▼b txt
▼2 rdacontent |
| 337 | |
▼a computer
▼b c
▼2 rdamedia |
| 338 | |
▼a online resource
▼b cr
▼2 rdacarrier |
| 500 | |
▼a Preceded by Quantum leadership : building better partnerships for sustainable health / Tim Porter-O'Grady and Kathy Malloch. 4th ed. 2015. |
| 504 | |
▼a Includes bibliographical references and index. |
| 588 | 0 |
▼a Print version record. |
| 590 | |
▼a Master record variable field(s) change: 650 |
| 650 | 0 |
▼a Leadership. |
| 650 | 0 |
▼a Health services administration. |
| 650 | 0 |
▼a Organizational change. |
| 650 | 12 |
▼a Leadership. |
| 650 | 12 |
▼a Health Services Administration. |
| 650 | 22 |
▼a Organizational Innovation. |
| 650 | 7 |
▼a BUSINESS & ECONOMICS / Industrial Management
▼2 bisacsh |
| 650 | 7 |
▼a BUSINESS & ECONOMICS / Management
▼2 bisacsh |
| 650 | 7 |
▼a BUSINESS & ECONOMICS / Management Science
▼2 bisacsh |
| 650 | 7 |
▼a BUSINESS & ECONOMICS / Organizational Behavior
▼2 bisacsh |
| 655 | 4 |
▼a Electronic books. |
| 700 | 1 |
▼a Malloch, Kathy,
▼e author. |
| 776 | 08 |
▼i Print version:
▼a Porter-O'Grady, Timothy.
▼t Quantum leadership.
▼b Fifth edition.
▼d Burlington, MA : Jones & Bartlett Learning, [2018]
▼z 9781284110777
▼w (DLC) 2016042162
▼w (OCoLC)958458223 |
| 856 | 40 |
▼3 EBSCOhost
▼u http://search.ebscohost.com/login.aspx?direct=true&scope=site&db=nlebk&db=nlabk&AN=1487696 |
| 938 | |
▼a YBP Library Services
▼b YANK
▼n 13813076 |
| 938 | |
▼a EBSCOhost
▼b EBSC
▼n 1487696 |
| 990 | |
▼a 관리자 |
| 994 | |
▼a 92
▼b N$T |